A primera vista /

Jeremy Marsh estaba seguro de que había ciertas cosas que nunca haría: nunca se iría de Nueva York, nunca volvería a entregar su corazón después de haber sobrevivido al fracaso de su matrimonio y nunca sería padre. Justo c

Guardado en:
Autor Principal: Sparks, Nicholas.
Otros Autores: Rabascall, Iolanda; trad.
Formato: Libro
Idioma:Undetermined
Publicado: Barcelona : Roca, 2009.
Series:Roca. Novela
Materias:
Etiquetas: Agregar Etiqueta
Sin Etiquetas, Sea el primero en etiquetar este registro!
LEADER 00911nam a22002295a 4500
001 CEM.cems020110
008 230517s2009####sp############000#0#und#d
005 20230517125622.0
245 1 0 |a A primera vista /  |c Nicholas Sparks ; traducido por Iolanda Rabascall. 
260 |a Barcelona :  |b Roca,  |c 2009. 
300 |a 318 p. 
490 1 |a Roca. Novela 
520 |a Jeremy Marsh estaba seguro de que había ciertas cosas que nunca haría: nunca se iría de Nueva York, nunca volvería a entregar su corazón después de haber sobrevivido al fracaso de su matrimonio y nunca sería padre. Justo c 
020 |a 9788496791916 
100 1 |a Sparks, Nicholas. 
700 1 |a Rabascall, Iolanda; trad. 
653 |a Literatura 
653 |a Literatura Norteamericana 
653 |a Literatura Estadounidense 
653 |a Novelas 
653 |a Novela Romántica 
859 |a CEMS  |b BIB. CEMS - Agricultura  |h 813.5  |i Sp26  |p A3589.23  |t Ej.1